| 000 | 00501nam a2200181Ia 4500 | ||
|---|---|---|---|
| 003 | GCL | ||
| 008 | 140319s9999 xx 000 0 ara d | ||
| 040 |
_aGCL / _cGCL |
||
| 082 | 0 | 4 |
_a257.5 _bع ق |
| 100 | 1 | _aعصام محمد شبارو | |
| 245 | 1 | 0 |
_aقاضى القضاة فى الاسلام / _cعصام محمد شبارو |
| 300 | _a368 ص | ||
| 490 | _a | ||
| 650 | 0 | 4 | _aالقضاء فى الاسلام |
| 650 | 0 | 4 | _aالقضاة |
| 650 | 0 | 4 | _aالقضاء - تاريخ |
| 942 |
_2ddc _cBK |
||
| 999 |
_c45870 _d45870 |
||